Atlas Challenge: Go West Quiz Stats

 Plays Quiz Updated Oct 11, 2018

Score 0/40 Timer 07:00
2 Plays Today
Heading due west from... Country % Correct
LondonIreland
92.3%
MadridPortugal
91.5%
OttawaUnited States
85.6%
ReykjavikDenmark (Greenland)
84.8%
StockholmNorway
83.6%
Buenos AiresChile
81.4%
San MarinoItaly
78.2%
TokyoSouth Korea
78%
CairoLibya
75.3%
CopenhagenUnited Kingdom
74.8%
WellingtonAustralia
73.8%
PyongyangChina
69.5%
KabulIran
64.8%
HavanaMexico
59.8%
Kuwait CityIraq
55.6%
AnkaraGreece
54.5%
DamascusLebanon
54%
KathmanduIndia
53.8%
Washington DCJapan
48.7%
CaracasColombia
46.5%
Heading due west from... Country % Correct
BangkokMyanmar
46.1%
ManilaVietnam
39.9%
Addis AbabaSouth Sudan
38.2%
MogadishuKenya
31.2%
BeijingKyrgyzstan
28.1%
PretoriaBotswana
27.2%
ParamariboGuyana
27%
VilniusRussia
26.7%
YerevanTurkey
26.1%
CanberraArgentina
24.4%
BelmopanGuatemala
22.7%
VallettaTunisia
19.7%
Port of SpainVenezuela
15.4%
Sri Jayawardenapura KotteMaldives
14.7%
MbabaneSouth Africa
14.3%
QuitoIndonesia
10.3%
MalaboBrazil
6.4%
RoseauHonduras
5.8%
DakarFrance (Martinique)
3.3%
BanjulNicaragua
1.2%

You're not logged in!

Compare scores with friends on all Sporcle quizzes.
OR
Log In

Show Comments

Extras

Top Quizzes Today


Score Distribution

Your Account Isn't Verified!

In order to create a playlist on Sporcle, you need to verify the email address you used during registration. Go to your Sporcle Settings to finish the process.

Report this User

Report this user for behavior that violates our Community Guidelines.

Details: